जाने लड़की पगली / (Record no. 113685)
[ view plain ]
| 000 -LEADER | |
|---|---|
| fixed length control field | 01056nam a22002537a 4500 |
| 005 - DATE AND TIME OF LATEST TRANSACTION | |
| control field | 20170124102957.0 |
| 010 ## - LIBRARY OF CONGRESS CONTROL NUMBER | |
| LC control number | B-247078 |
| 020 ## - INTERNATIONAL STANDARD BOOK NUMBER | |
| Terms of availability | 160.00 |
| International Standard Book Number | 8189914421 |
| 035 ## - SYSTEM CONTROL NUMBER | |
| System control number | B-247078 |
| 037 ## - SOURCE OF ACQUISITION | |
| Source of stock number/acquisition | Cen Lib/Ret |
| 040 ## - CATALOGING SOURCE | |
| Original cataloging agency | DPL |
| Language of cataloging | HN |
| 082 ## - DEWEY DECIMAL CLASSIFICATION NUMBER | |
| Classification number | 821 |
| Item number | जैनसु |
| 100 ## - MAIN ENTRY--PERSONAL NAME | |
| Personal name | जैन, सुनीता |
| 9 (RLIN) | 53422 |
| 245 ## - TITLE STATEMENT | |
| Title | जाने लड़की पगली / |
| Statement of responsibility, etc | सुनीता जैन |
| 246 ## - VARYING FORM OF TITLE | |
| Title proper/short title | Jaane ladki pagli / |
| Remainder of title | by Suneeta Jain |
| 260 ## - PUBLICATION, DISTRIBUTION, ETC. (IMPRINT) | |
| Place of publication, distribution, etc | नोएडा |
| Name of publisher, distributor, etc | रेमाधव पब्लिकेशन्स |
| Date of publication, distribution, etc | 2007 |
| 270 ## - ADDRESS | |
| City | उत्तर प्रदेश |
| Address | सी-94, सेक्टर-63, गौतमबुद्ध नगर |
| Postal code | 201301 |
| 300 ## - PHYSICAL DESCRIPTION | |
| Extent | 163पृ. : |
| Dimensions | 20सेमी (अजिल्द) |
| Other physical details | सचित्र |
| 650 ## - SUBJECT ADDED ENTRY--TOPICAL TERM | |
| Topical term or geographic name as entry element | हिन्दी -- साहित्य |
| 9 (RLIN) | 53423 |
| 650 ## - SUBJECT ADDED ENTRY--TOPICAL TERM | |
| Topical term or geographic name as entry element | हिन्दी -- कविताएँ |
| 9 (RLIN) | 53424 |
| 650 ## - SUBJECT ADDED ENTRY--TOPICAL TERM | |
| Topical term or geographic name as entry element | Hindi -- literature |
| 9 (RLIN) | 53425 |
| 650 ## - SUBJECT ADDED ENTRY--TOPICAL TERM | |
| Topical term or geographic name as entry element | Hindi -- Poems |
| 9 (RLIN) | 53426 |
| 942 ## - ADDED ENTRY ELEMENTS (KOHA) | |
| Source of classification or shelving scheme | Dewey Decimal Classification |
| Koha item type | Hindi Books |
| Classification part | 821 |
| Call number suffix | जैनसु |
| Withdrawn status | Lost status | Damaged status | Not for loan | Home library | Current library | Date acquired | Source of acquisition | Cost, normal purchase price | Total Checkouts | Full call number | Barcode | Date last seen | Date checked out | Copy number | Cost, replacement price | Price effective from | Koha item type |
|---|---|---|---|---|---|---|---|---|---|---|---|---|---|---|---|---|---|
| Central Library | Central Library | 13/08/2015 | Cen Lib/Ret | 160.00 | 1 | 821 जैनसु | B-247078 | 23/04/2018 | 06/04/2018 | 1 | 160.00 | 13/08/2015 | Hindi Books |
